Catálogo público

Production and marketing of dry peas in the palouse area / (Record no. 205687)

MARC details
000 -CABECERA
campo de control de longitud fija 00917nam a2200301Ia 4500
001 - NÚMERO DE CONTROL
campo de control Para_6968
003 - IDENTIFICADOR DEL NÚMERO DE CONTROL
campo de control CHAP
008 - DATOS DE LONGITUD FIJA--INFORMACIÓN GENERAL
campo de control de longitud fija 220125s1940 xx 000 0 und d
010 ## - NÚMERO DE CONTROL DE LA BIBLIOTECA DEL CONGRESO
Número de control de LC 205687
040 ## - FUENTE DE LA CATALOGACIÓN
Centro/agencia transcriptor CHAP
082 ## - NÚMERO DE LA CLASIFICACIÓN DECIMAL DEWEY
Número de clasificación PA-C 633.34 A85
100 ## - ENTRADA PRINCIPAL--NOMBRE DE PERSONA
Nombre de persona Rufener, Woodrow W.
9 (RLIN) 171757
245 ## - MENCIÓN DE TÍTULO
Título Production and marketing of dry peas in the palouse area /
Mención de responsabilidad, etc. by Woodrow W. Rufener
260 ## - PUBLICACIÓN, DISTRIBUCIÓN, ETC.
Lugar de publicación, distribución, etc. Pullman, Washington :
Nombre del editor, distribuidor, etc. State College of Washington. Agricultural Experiment Station
300 ## - DESCRIPCIÓN FÍSICA
Extensión 55 p.
440 ## - MENCIÓN DE SERIE/PUNTO DE ACCESO ADICIONAL--TÍTULO
Título Bulletin, 391
9 (RLIN) 171758
500 ## - NOTA GENERAL
Nota general Encuadernado con otros impresos similares
650 ## - PUNTO DE ACCESO ADICIONAL DE MATERIA--TÉRMINO DE MATERIA
Término de materia o nombre geográfico como elemento de entrada Chícharo
Subdivisión general mercadeo
9 (RLIN) 22264
650 ## - PUNTO DE ACCESO ADICIONAL DE MATERIA--TÉRMINO DE MATERIA
Término de materia o nombre geográfico como elemento de entrada chícharo seco
9 (RLIN) 22854
650 ## - PUNTO DE ACCESO ADICIONAL DE MATERIA--TÉRMINO DE MATERIA
Término de materia o nombre geográfico como elemento de entrada Soya
Subdivisión general EUA
9 (RLIN) 171217
901 ## - ELEMENTOS DE DATOS A LOCAL LDA (RLIN)
a PA-C 633.34 A85
902 ## - ELEMENTOS DE DATOS B LOCAL, LDB (RLIN)
a A
905 ## - ELEMENTOS DE DATOS E LOCAL, LDE (RLIN)
a 0000001940 0000000000 00
910 ## - DATOS DE OPCIÓN DEL USUARIO (OCLC)
Datos de opción del usuario 1940
942 ## - ELEMENTOS DE PUNTO DE ACCESO ADICIONAL (KOHA)
Tipo de ítem Koha Parasitologia_
942 ## - ELEMENTOS DE PUNTO DE ACCESO ADICIONAL (KOHA)
Tipo de ítem Koha Parasitologia_
-- 1
Holdings
Estado de retiro Estado de pérdida Fuente del sistema de clasificación o colocación Estado dañado Restricciones de uso No para préstamo Código de colección Localización permanente Ubicación/localización actual Ubicación en estantería Fecha de adquisición Información codificada de la localización en otra ubicación Total de préstamos Código de barras Fecha visto por última vez Precio válido a partir de Tipo de ítem Koha Nota pública
    Dewey Decimal Classification   Préstamo interno   Consulta Parasitologia Agricola Parasitologia Agricola   27/10/2005 PARA   PA_3938-9 25/01/2022 25/01/2022 Libro 3